000 00290nam a2200109Ia 4500
001 588970
005 20250717120840.0
008 250717s9999 xx 000 0 und d
245 0 _aU-9 HALIK ALLAHIM
_cZEYNEP SEVİNÇ EREN
260 _bTÜRKİYE DİYANET VAKFI YAYINLARI
_c2020
300 _b21
999 _c588970
_d588970